000 00617cam a2200229ua 4500
001 9928
005 20260515114538.0
008 161013n ii |||gr||||Z||||||asm
020 _a9789382750161
040 _cMAIN
041 _aasm
082 _a954
100 _aHussain, Tasadduque Amanul,
_eAuthor.
245 _aBharatar itihas (1200-1750)
_cBy Tasadduque Amanul Hussain & Prafulla Kumar Baruah
250 _a1st ed.
260 _aDibrugarh:
_bBanalata,
_c2013.
300 _a282p.
653 _aSouth Asia India
653 _aHistory of India
700 _aBaruah, Prafulla Kumar,
_eAuthor.
942 _cBK
999 _c8927
_d8927